[Event "Moscow Tal Memorial 1st"]
[Site "Moscow"]
[Date "2006.11.14"]
[Round "7"]
[White "Carlsen, Magnus"]
[Black "Leko, Peter"]
[Result "1/2-1/2"]
[WhiteElo "2698"]
[BlackElo "2741"]
[Annotator "Krasenkow,Michal"]
[PlyCount "110"]
[EventDate "2006.11.06"]
[EventType "tourn"]
[EventRounds "9"]
[EventCountry "RUS"]
[EventCategory "20"]
[SourceTitle "CBM 116"]
[Source "ChessBase"]
[SourceDate "2007.02.01"]
[SourceVersion "1"]
[SourceVersionDate "2007.02.01"]
[SourceQuality "1"]

1. d4 {Marin,Mihail} Nf6 2. c4 e6 3. Nc3 Bb4 4. g3 c5 5. Nf3 cxd4 6. Nxd4 O-O ({RR} 6... Ne4 7. Qd3 Bxc3+ 8. bxc3 Nc5 9. Qf3 d6 10. Bg2 e5 11. Nf5 Qf6 12. Ne3 Qxf3 13. Bxf3 Be6 14. Ba3 Nba6 15. O-O-O Ke7 16. Bg2 Rad8 17. f4 f6 18. Rhf1 b6 19. g4 Nc7 20. h4) 7. Bg2 d5 8. cxd5 Nxd5 9. Qb3 Qa5 10. Bd2 Nc6 11. Nxc6 bxc6 12. O-O Bxc3 13. bxc3 Ba6 14. Rfd1 Qc5 15. e4 Bc4 {This line was examined in CBM 106 by GM V.Gavrikov (annots to Bacrot-Grischuk).} 16. Qc2 $146 (16. Qa4 {is usually played. Here is the latest example:} Nb6 17. Qb4 Qh5 18. Bf4 ({RR} 18. Be3 Be2 19. Rd2 Rab8 20. Bxb6 axb6 21. Qd6 Rfc8 ({RR} 21... Bf3 22. Qxc6 Bxg2 23. Kxg2 Qe5 24. Qc4 Rfc8 25. Qd4 Qa5 26. Rb1 h6 27. Rb4 Qc5 28. Rd3 Qc7) 22. Rb1 h6 23. e5 Bf3 24. a4 Ra8 25. Qd4 b5 26. Bxf3 Qxf3 27. Rd3) ({RR} 18. Bf4 c5 ({RR} 18... e5) ({RR} 18... Be2) 19. Qa5 e5 20. Be3 Be2 21. Re1 Nc4 ({RR} 21... Rfc8) 22. Qa6 Nxe3 23. Rxe2 Nxg2 24. Kxg2 Rad8 25. Rae1 Rd7 26. Qb5 Rfd8 ({RR} 26... Rc7 27. Rd2) 27. Qxc5) 18... e5 $1 $146 19. Be3 Be2 20. Re1 Nc4 21. Qc5 Rfd8 22. Rab1 h6 23. h3 Nxe3 24. Qxe3 Bc4 25. a4 a5 26. Qc5 Be6 $11 {0-1 Najer,E-Jakovenko,D/Moscow RUS 2006/The Week in Chess 631 (50)}) ({RR} 16. Qa4 Nb6 17. Qb4 Qh5 18. Re1 c5 ({RR} 18... Be2 19. h3 Rfd8 ({RR} 19... c5 20. Qb3) 20. Bf4 Rac8 ({RR} 20... e5 21. g4 Qg6 22. Bxe5) 21. g4 Qb5 22. a4 Qa6 23. a5) 19. Qa5 Rfc8 20. Be3 ({RR} 20. Bf4 e5 21. Be3 Be6) 20... Be2 21. Bf4 ({RR} 21. h3 Nc4 22. Qa6 Nxe3 23. Rxe2 Nxg2 24. Kxg2 Qe5) 21... e5 22. Be3 ({RR} 22. Bxe5 Nc4 23. Qa6 Qxe5 24. Rxe2 Qxc3) 22... Bg4 ({RR} 22... Nc4 23. Qa6 Nxe3 ({RR} 23... Bd3 24. Rad1) 24. Rxe2 Nxg2 25. Kxg2) ({RR} 22... f6 23. Bxc5 Nc4 24. Qb5 Rab8 25. Qd7 Rxc5 26. Rab1 Rb6 ({RR} 26... Rf8 27. Rb7 Qf7 28. Rxe2) ({RR} 26... Rxb1 27. Rxb1 h6 ({RR} 27... Nb6 28. Qxa7) 28. Bh3) 27. Bh3 Kf8 28. Rxb6 axb6 29. Be6 Qe8 30. Qxe8+ Kxe8 31. Rxe2) ({RR} 22... h6 23. h3) 23. Qa6 f6 24. a4 Qf7 25. Bf1 Be6 26. Rab1 ({RR} 26. a5 Bc4 27. Bxc4 Nxc4 ({RR} 27... Qxc4 28. axb6) 28. Rab1 Rc7) 26... c4 ({RR} 26... Rc7 27. Rxb6) ({RR} 26... Bc4 27. Bxc4 Qxc4 ({RR} 27... Nxc4 28. Rb7) 28. Rxb6) ({RR} 26... f5 27. exf5) 27. a5 Na4 ({RR} 27... Nd7 28. Rb7) 28. Rb7 Qe8 29. Qd6 {1-0 (29) Kramnik,V (2772)-Anand,V (2783) Bonn 2008 CBM 127 [Marin,Mihail]} {RR} Bf7 30. Qb4 Rab8 31. a6) ({RR} 16. Qa4 Nb6 17. Qb4 Qh5 18. Be3 Be2 19. Re1 Nc4 20. Qc5 Nxe3 21. Qxe3 Bc4 22. Qd4 Be2 23. Qd6 Rac8 24. h3 Rfd8 25. Qe7 a5 26. g4 Qb5 27. Rab1 Qc4 28. Rb7 Rf8 29. Qa3 c5 30. Qxa5 Ra8 {Chatalbashev,B (2466)-Hammer,J (2596) Hell NOR 2024 ½-½ (35)}) ({RR} 16. Qa4 Nb6 17. Qb4 Qh5 18. Re1 c5 19. Qa5 Rfc8 20. Be3 Be2 21. Bf4 Bd3 22. Rad1 Be2 23. Rc1 Bg4 24. c4 Bh3 25. Bxh3 Qxh3 26. Qb5 f6 27. e5 f5 28. a4 Rc7 29. Red1 Rb8 30. Qa6 Kf7 {Mamedyarov,S (2763)-Leko,P (2735) Astrakhan 2010 1-0 (73)}) 16... Nb6 17. Bf4 $146 {White provokes ...e6-e5 to clarify the situation and open the h3-c8 diagonal for his bishop. However,} (17. Be3 $5 {was probably better. If} Qa5 (17... Qa3 18. Bf4 $5) {then} 18. Qb2 {[%cal Yb2b4]}) ({RR} 17. Be3 Qa5 18. Qb2 Rfd8 19. Qb4 Qa6 20. h4 h6 21. Rxd8+ Rxd8 22. a4 Rd7 23. Kh2 Be2 24. Bd4 Bd3 25. Qc5 Qc8 26. a5 Nc4 27. Ra4 Nd6 28. Bxg7 Nxe4 29. Bxe4 Bxe4 30. Bxh6 f5 31. Qe5 Qe8 {Nechaeva,M (2431)-Voit,D (2387) Antalya 2017 1-0 (35)}) ({RR} 17. Be3 Qa3 18. Qd2 Bb5 19. Qc1 Qa6 20. Bc5 Rfd8 21. Rd4 e5 22. Rxd8+ Rxd8 23. h4 h6 24. Bh3 Na4 25. Qa3 Rd3 26. Be3 Qb7 27. Rc1 Nb6 28. Qc5 Qc7 29. Bf1 Rd7 30. c4 Ba6 31. Qa5 Bc8 {Karpov,A (2619)-Jakovenko,D (2736) Moscow 2009 0-1 (47)}) 17... e5 18. Be3 Qa3 19. Bh3 Rab8 20. Qc1 Qxc1 21. Rdxc1 Bd3 22. f3 Rb7 23. Rd1 Bc2 24. Rdc1 Bd3 25. Rd1 Bc2 26. Re1 $2 {White has absolutely no grounds to play for a win.} (26. Rdc1 $11) 26... Nc4 27. Bc5 Rd8 $15 {[%csl Gc4][%cal Gd8d2,Gb7b2]} 28. Bf1 Nd2 29. Bg2 a5 30. Re2 Bb1 31. Re1 Bc2 32. Re2 Bb1 33. Re1 h6 34. Ba3 {it is not easy to find a move for White!} (34. Be3 Rb2 $15) 34... Rd3 {Black has created a strong pressure but it is still difficult to break down White's position.} 35. Rc1 Rd8 (35... Rxf3 $5 36. Bxf3 Nxf3+ 37. Kf2 Bxe4 $15 {Kasparov}) 36. Re1 Bc2 37. Bc1 (37. Re2 Nb1 $1 $17) 37... Nb1 38. c4 Rd4 (38... Bd3 $1 39. Rd1 (39. c5 Nc3 $17) 39... Nc3 40. Rd2 Ne2+ 41. Kf2 Nxc1 42. Rxc1 Rd4 $17 {Jakovenko}) 39. c5 a4 40. Bf1 a3 41. Re3 Ra7 $6 {Too passive. After this move White gets a drawish endgame with opposite-coloured bishops.} (41... Rd1 $5 42. Bxa3 Ba4 {Dvoretzky} 43. Kf2 Rd2+ 44. Kg1 {Emelin} g5 $5 $36 {[%cal Yh6h5,Yh5h4]}) 42. Re2 Bd3 43. Re3 Bxf1 44. Rxb1 Rd1 45. Kf2 Bd3 46. Rb8+ Kh7 47. Re1 Rxe1 48. Kxe1 Bc4 49. Rd8 Ra5 50. Rd2 f6 51. Rc2 Be6 52. Kd2 g5 53. Rc3 Kg6 54. Rxa3 Rxa3 55. Bxa3 Bxa2 1/2-1/2

[Event "Morelia/Linares 25th"]
[Site "Morelia/Linares"]
[Date "2008.02.19"]
[Round "4"]
[White "Carlsen, Magnus"]
[Black "Leko, Peter"]
[Result "1/2-1/2"]
[WhiteElo "2733"]
[BlackElo "2753"]
[Annotator "Krasenkow,Michal"]
[PlyCount "81"]
[EventDate "2008.02.15"]
[EventType "tourn"]
[EventRounds "14"]
[EventCountry "ESP"]
[EventCategory "21"]
[SourceTitle "CBM 123"]
[Source "ChessBase"]
[SourceDate "2008.04.02"]
[SourceVersion "1"]
[SourceVersionDate "2008.04.02"]
[SourceQuality "1"]

1. d4 Nf6 2. c4 e6 3. Nc3 Bb4 4. Qc2 O-O 5. a3 Bxc3+ 6. Qxc3 b6 7. Bg5 Bb7 8. e3 d6 9. Ne2 Nbd7 10. Qc2 c5 11. Rd1 cxd4 {Black demonstrates the most accurate order of moves.} (11... Qc7 12. Nc3 cxd4 13. Rxd4 a6 {- see CBM 121, game Morozevich-Beliavsky.}) 12. Rxd4 h6 $1 13. Bh4 Qc7 14. Nc3 d5 {This is now more appropriate than without ...h7-h6 g5-h4.} 15. Bg3 (15. cxd5 Nxd5 $1 (15... Bxd5 $143 16. f3) {as now} 16. Bd3 {doesn't attack the h7-pawn.}) 15... e5 16. cxd5 Bxd5 $1 $146 {[%mdl 8] This is stronger than} (16... Nxd5 17. Rc4 Qb8 (17... Qd6 $5) 18. Be2 N7f6 19. O-O Ba6 20. Nxd5 Nxd5 21. Bf3 Rd8 22. Rd4 Bxf1 23. Rxd5 Ba6 24. Bxe5 Qc8 25. Rxd8+ Qxd8 26. Bxa8 Qxa8 {½-½ Bareev,E-Grischuk,A/Khanty-Mansiysk 2007/CBM 122 (72) - Black survived in this endgame.}) 17. Be2 $146 ({RR} 17. Rd2 Bb7 18. f3 Rac8 19. Qd1 a6 20. Bd3 b5 21. Bf5 Rcd8 22. Bh4 Nb6 23. O-O Nc4 24. Rxd8 Rxd8 25. Qc1 Qb6 26. Bf2 Qa5 27. Bc2 Kh8 28. Rd1 Rxd1+ 29. Bxd1 e4 30. f4 Nd7 31. Be2 Nc5 {Arcuti,D (2342)-De Seroux,C (2095) Graechen 2017 ½-½ (42)}) 17... Rac8 {Black plays safely but apparently it was quite possible to take the pawn:} (17... Bxg2 18. Rg1 Bd5 (18... Qb7 $5) 19. Rh4 $44 Rfd8 20. Rxh6 $140 Be4 $1) 18. e4 Bc6 19. f3 Nh5 20. Rd2 Nxg3 21. hxg3 Nf6 $11 22. O-O Qe7 23. Rfd1 Bd7 24. Ba6 Rc7 25. Qd3 Be6 26. Qd6 Bb3 27. Nb5 Qxd6 28. Rxd6 Bxd1 (28... Rc5 $5 29. R1d2 Rc1+ 30. Kh2 Bc4 $132) 29. Nxc7 Ba4 30. Rd3 Rb8 31. b3 Bd7 32. Nb5 Bxb5 33. Bxb5 Rc8 34. Ba6 Rc1+ 35. Kf2 Kf8 36. Rd8+ Ke7 37. Ra8 Rc7 38. g4 h5 39. gxh5 Nxh5 40. Bc4 Nf4 41. g3 1/2-1/2

[Event "FIDE World Cup 9-12"]
[Site "Khanty-Mansiysk"]
[Date "2005.12.14"]
[Round "6.6"]
[White "Carlsen, Magnus"]
[Black "Malakhov, Vladimir"]
[Result "1/2-1/2"]
[WhiteElo "2570"]
[BlackElo "2670"]
[PlyCount "96"]
[EventDate "2005.11.27"]
[EventType "k.o."]
[EventRounds "7"]
[EventCountry "RUS"]
[SourceTitle "CBM 111"]
[Source "ChessBase"]
[SourceDate "2006.04.04"]
[SourceVersion "1"]
[SourceVersionDate "2006.04.04"]
[SourceQuality "1"]

1. Nf3 Nf6 2. c4 c5 3. Nc3 e6 4. d4 cxd4 5. Nxd4 Bb4 6. g3 Qc7 7. Qb3 Nc6 ({RR} 7... Bc5 8. Be3 a6 9. Na4 d6 10. Nxc5 dxc5 11. Nf3 e5 12. Bg2 O-O 13. O-O Re8 14. Bg5 Nbd7 15. Nd2 Rb8 16. Rfd1 h6 17. Bxf6 Nxf6 18. Ne4 Nxe4 19. Bxe4 b5 20. cxb5 axb5 {½-½ (20) Nielsen,P (2644)-Anand,V (2792) Monte Carlo 2006}) 8. Nxc6 ({RR} 8. Ndb5 Qa5 9. a3 a6 10. Nc7+ Qxc7 11. axb4 Nd4 12. Qd1 Qxc4 13. Bg2 Qxb4 14. Ra4 Qe7 15. Rxd4 O-O 16. O-O d5 17. e4 e5 18. Nxd5 Nxd5 19. Rxd5 f6 20. Be3 Re8 21. Bc5 Qc7 22. Be3 Be6 {Khalifah,K (1888)-Ayush,S (2478) Al Ain UAE 2025 0-1 (45)}) 8... Qxc6 9. Qxb4 a5 $146 ({RR} 9... Qxh1 10. Nb5 Ng4 11. Nd6+ Kd8 12. Nxf7+ Ke8 13. Nd6+ Kf8 14. Nf5+ Kg8 15. Qe7 {1-0 (15) Gorovets,A (2480)-Guillemette,H (2002) chess.com INT 2024}) ({RR} 9... Qxh1 10. Nb5 Ng4 11. Nd6+ Kd8 12. Nxf7+ Ke8 13. Nd6+ Kf8 14. Nf5+ Kg8 15. Qe7 {1-0 (15) Gorovets,A (2480)-Guillemette,H (2002) chess.com INT 2024}) 10. Qa3 Qxh1 11. Nb5 Ra6 12. Nc7+ Kd8 13. Nxa6 bxa6 14. Qxa5+ Ke7 15. Bf4 Qc6 16. Qc7 Qxc7 17. Bxc7 Bb7 18. f3 Rc8 19. Ba5 Rxc4 20. Bc3 g5 21. Rc1 Ke8 22. Bd2 Rxc1+ 23. Bxc1 h6 24. Kf2 d5 25. h4 Nh7 26. hxg5 hxg5 27. g4 f6 28. e3 Nf8 29. b4 Nd7 30. b5 a5 31. a4 Nb6 32. Bd2 Nxa4 33. Bxa5 Kd7 34. Bb4 e5 35. Bd3 Nb2 36. Bf5+ Kd8 37. Ke2 Nc4 38. Bd3 Nb6 39. Ba5 Kc7 40. Bf5 Ba8 41. Bd7 d4 42. exd4 exd4 43. Bf5 Bd5 44. Kd3 Bxf3 45. Kxd4 Kb7 46. Be4+ Bxe4 47. Kxe4 Nc4 48. Kf5 Ne3+ 1/2-1/2

[Event "Moscow Tal Memorial 4th"]
[Site "Moscow"]
[Date "2009.11.06"]
[Round "2"]
[White "Carlsen, Magnus"]
[Black "Morozevich, Alexander"]
[Result "1/2-1/2"]
[WhiteElo "2801"]
[BlackElo "2750"]
[PlyCount "77"]
[EventDate "2009.11.05"]
[EventType "tourn"]
[EventRounds "9"]
[EventCountry "RUS"]
[EventCategory "21"]
[SourceTitle "CBM 133"]
[Source "ChessBase"]
[SourceDate "2009.11.19"]
[SourceVersion "1"]
[SourceVersionDate "2009.11.19"]
[SourceQuality "1"]

1. d4 Nf6 2. c4 e6 3. Nc3 Bb4 4. f3 d5 5. a3 Bxc3+ 6. bxc3 c5 7. cxd5 Nxd5 8. dxc5 Qa5 9. e4 Nf6 10. Be3 O-O 11. Qb3 Na6 12. Nh3 Nd7 13. Bxa6 Qxa6 14. c4 Ne5 15. Rc1 Bd7 16. Qc3 f6 17. O-O $146 ({RR} 17. Nf2 Ba4 18. f4 Nf7 19. g4 Qc6 20. h4 b6 21. Rg1 e5 22. g5 exf4 23. Bxf4 fxg5 24. Bxg5 Nxg5 25. Rxg5 Rf7 26. Qe5 Re8 27. Qd5 Qf6 28. Ng4 Qf1+ 29. Kd2 Qf4+ 30. Kd3 Kh8 31. Ne5 Rxe5 {Goudriaan,E (2223)-Zoler,D (2474) Dieren 2010 0-1 (33)}) 17... Ba4 18. Nf4 Rfd8 19. Bd4 Ng6 20. Nxg6 hxg6 21. e5 f5 22. h4 Rd7 23. Rf2 Rad8 24. Rd2 Qc6 25. Kh2 Qc7 26. Qe3 Kf7 27. Kg3 Rh8 28. Qf4 Qd8 29. Rb1 Bc6 30. Rbb2 Qa5 31. Be3 Rxd2 32. Rxd2 Qxa3 33. Qd4 Rc8 34. Rd1 Qa5 35. Ra1 Qd8 36. Qxd8 Rxd8 37. Rxa7 Rd3 38. Bg5 Rd4 39. Be3 1/2-1/2

[Event "FIDE World Cup"]
[Site "Khanty-Mansiysk"]
[Date "2007.11.27"]
[Round "2.1"]
[White "Carlsen, Magnus"]
[Black "Naiditsch, Arkadij"]
[Result "1/2-1/2"]
[WhiteElo "2714"]
[BlackElo "2639"]
[PlyCount "140"]
[EventDate "2007.11.24"]
[EventType "k.o."]
[EventRounds "7"]
[EventCountry "RUS"]
[SourceTitle "CBM 122"]
[Source "ChessBase"]
[SourceDate "2008.01.30"]
[SourceVersion "1"]
[SourceVersionDate "2008.01.30"]
[SourceQuality "1"]

1. d4 Nf6 2. c4 e6 3. Nc3 Bb4 4. Qc2 d5 5. a3 Bxc3+ 6. Qxc3 c5 7. dxc5 d4 8. Qg3 Nc6 9. Nf3 e5 ({RR} 9... O-O 10. Bh6 Ne8 11. b4 a5 12. b5 Ne7 13. Bd2 Ng6 14. h4 f6 15. e3 d3 16. Qg4 e5 17. Qe4 f5 18. Qd5+ Qxd5 19. cxd5 e4 20. Nd4 Ne5 21. f3 Nf6 22. d6 Rd8 23. Rc1 Kf7 24. fxe4 {Bok,B (2592)-Kosteniuk,A (2484) chess.com INT 2025 1-0 (39)}) 10. Nxe5 ({RR} 10. b4 e4 11. Ne5 Nh5 12. Nxc6 Nxg3 13. Nxd8 Nxh1 14. Bb2 e3 15. fxe3 dxe3 16. Bxg7 Rg8 17. Bf6 Rg6 18. Bh4 Nf2 19. Rc1 f6 20. Nxb7 Bxb7 21. Rc3 O-O-O 22. Rxe3 Ng4 23. Re6 Kd7 24. Rd6+ Ke7 {Bok,B (2972)-Belli,G (2528) Chess.com 2024 0-1 (52)}) ({RR} 10. b4 e4 11. Nd2 O-O 12. e3 a5 13. b5 Ne7 14. Be2 Be6 15. Bb2 Nf5 16. Qf4 Rc8 17. Rd1 Re8 18. h4 Rxc5 19. Nb3 Rc8 20. g4 d3 21. gxf5 Bxc4 22. Rg1 Bxb3 23. Rxg7+ Kxg7 24. Qg5+ Kf8 {Ivanisevic,I (2643)-Naiditsch,A (2657) Bled 2016 ½-½ (36)}) 10... Qa5+ 11. Kd1 Nxe5 $146 ({RR} 11... Ne4 12. Qf4 Nxf2+ 13. Qxf2 Nxe5 14. Qxd4 f6 15. Kc2 O-O 16. Bd2 Qc7 17. e4 Be6 18. Bc3 b6 19. cxb6 axb6 20. b3 Rfd8 21. Qe3 b5 22. cxb5 Rac8 23. b6 Qc6 24. Ba6 Ng4 25. Qf3 Bxb3+ 26. Kxb3 {Debashis,D (2451)-Moiseenko,A (2702) Fujairah 2012 0-1}) ({RR} 11... Ne4 12. Qf4 Nxf2+ 13. Kc2 Nxe5 14. Qxe5+ Be6 15. Rg1 O-O 16. g4 Bxc4 17. Rg3 Qa4+ 18. Kb1 Qd1 19. Bg2 Rae8 20. Qf5 Rxe2 {0-1 (20) Machan,J (2322)-Smith,B (2453) Pardubice 2016}) 12. Qxe5+ Be6 13. Bd2 Qa4+ 14. Ke1 Rd8 15. c6 Qxc6 16. Qb5 Bxc4 17. Qxc6+ bxc6 18. Rc1 Bb5 19. Bb4 Kd7 20. Bc5 Ke6 21. f3 a5 22. Kf2 Rd5 23. e4 dxe3+ 24. Bxe3 Bxf1 25. Rhxf1 Kd7 26. Rc2 Rb8 27. Rfc1 Rd3 28. Ke2 Rd6 29. Bf4 Re6+ 30. Kf2 Rb3 31. Rd2+ Nd5 32. Rc5 Ke8 33. Bg3 f5 34. Kg1 f4 35. Bf2 Ne3 36. Rxa5 Nc4 37. Ra8+ Kf7 38. Rd4 Rxb2 39. Rxf4+ Kg6 40. Rxc4 Rb1+ 41. Be1 Rbxe1+ 42. Kf2 R6e2+ 43. Kg3 Rg1 44. Rg4+ Kf6 45. Kh3 g6 46. Rf8+ Kg7 47. Rc8 h5 48. Rg5 Rc1 49. a4 Kf6 50. f4 Rc3+ 51. Rg3 Rxg3+ 52. hxg3 Rc2 53. a5 Kf5 54. a6 Ra2 55. Rxc6 Ra1 56. Kh2 Ra5 57. Kg1 g5 58. fxg5 Kxg5 59. Kf2 Ra3 60. Ke1 Ra2 61. Kd1 Kg4 62. Kc1 Kxg3 63. Kb1 Ra5 64. Rg6+ Kf2 65. g3 Ke3 66. Kb2 Ke4 67. Kb3 Kf5 68. Kb4 Ra1 69. Rc6 Kg4 70. Rh6 Kxg3 1/2-1/2